000 00599cam a22002293a 4500
001 18092
003 PGUSA
005 20140828083402.0
008 060401s2006||||xxu|||||s|||||000 1 eng d
040 _aPGUSA
_beng
042 _adc
050 4 _aPQ
100 1 _aAbout, Edmond,
_d1828-1885
245 1 0 _aGermaine
_h[electronic resource] /
_cEdmond About
260 _bProject Gutenberg,
_c2006
506 _aPublic domain in the USA.
516 _aElectronic text
653 _aFiction
830 0 _aProject Gutenberg
_v18092
856 4 0 _uhttp://www.gutenberg.org/ebooks/18092
942 _cEB
999 _c247347
_d247347